000 00977cam a2200313M 4500
008
020 _a9780323057882 (pbk.)
049 _aMAIN
090 _aREF RM170
_bGAH
100 1 _aGahart, Betty L.
245 1 0 _aIntravenous medications :
_ba handbook for nurses and health professionals /
_cBetty L. Gahart, Adrienne R. Nazareno.
250 _a26th ed.
260 _aSt. Louis :
_bMosby/Elsevier,
_cc2010.
300 _axxiv, 1413 p. ;
_c22 cm.
500 _aIncludes index.
650 0 _aIntravenous therapy
_vHandbooks, manuals, etc.
650 0 _aNursing.
650 0 _aAllied health personnel.
650 1 2 _aInfusions, Intravenous.
650 1 2 _aInjections, Intravenous.
650 2 _aNurses.
650 2 _aAllied Health Personnel.
700 1 _aNazareno, Adrienne R.
907 _a.b10329444
_b25-11-14
_c29-04-13
003
005 20230120191435.0
040 _cNUST
942 _cBOOKS
_kREF RM170
_mGAH
999 _c101189
_d101189